000 00664nam a2200193 i 4500
001 92794
003 ES-MaACL
005 20250704063116.0
007 t|
008 050328s1918 fr ||||1| fre d
100 1 _aLittré, Émile,
_d1801-1881
_9128979
245 1 0 _aDictionnaire de la langue française abrégé du dictionnaire de E. Littré /
_cpar A. Beaujean avec un supplément d'histoire et de géographie.
260 _aParis :
_b[Montronge],
_c1918.
300 _aXI, 1295 p., 123 p. ;
_c25 cm.
650 4 _aLengua francesa-
_vDiccionarios.
_914205
700 1 _aBeaujean, A.
_926817
852 _aES-MaACL
_jB-4353
999 _c92794
_d92794